|
|
|
|
| LEADER |
00000nam0a2200000 4500 |
| 001 |
337344 |
| 005 |
20231102004936.0 |
| 010 |
|
|
|a 9785811427604
|
| 035 |
|
|
|a (RuTPU)RU\TPU\book\363812
|
| 090 |
|
|
|a 337344
|
| 100 |
|
|
|a 20171103d2018 m y0rusy50 ca
|
| 101 |
0 |
|
|a rus
|
| 102 |
|
|
|a RU
|
| 105 |
|
|
|a a j 001zy
|
| 200 |
1 |
|
|a Машины и аппараты переработки дисперсных материалов. Примеры создания
|e учебное пособие
|f А. Н. Веригин, В. С. Данильчук, Н. А. Незамаев
|g под ред. А. Н. Веригина
|
| 210 |
|
|
|a Санкт-Петербург
|c Лань
|d 2018
|
| 215 |
|
|
|a 799 с.
|c ил.
|
| 225 |
1 |
|
|a Бакалавриат и магистратура
|
| 225 |
1 |
|
|a Учебники для вузов. Специальная литература
|
| 320 |
|
|
|a Библиогр.: с. 795
|
| 330 |
|
|
|a Изложены основы создания безопасных, экологически чистых, высокопроизводительных и экономически выгодных технологий переработки дисперсных материалов, которая предполагает механическую обработку, классификацию, сушку, смешивание, гранулирование и дозирование дисперсных материалов, очистку газовых выбросов, что невозможно без всестороннего анализа имеющихся примеров, чему и посвящено данное пособие.
|
| 606 |
1 |
|
|a Дисперсные материалы
|x Перерарботка
|x Механизация
|2 stltpush
|3 (RuTPU)RU\TPU\subj\79001
|9 87889
|
| 610 |
1 |
|
|a механическая обработка
|
| 610 |
1 |
|
|a механическая активация
|
| 610 |
1 |
|
|a окатка
|
| 610 |
1 |
|
|a измельчение
|
| 610 |
1 |
|
|a воздушная классификация
|
| 610 |
1 |
|
|a аппараты с пересыпными полкаим
|
| 610 |
1 |
|
|a тонкодисперсные материалы
|
| 610 |
1 |
|
|a аппараты с вращающейся зоной разделения
|
| 610 |
1 |
|
|a сушка
|
| 610 |
1 |
|
|a массоперенос
|
| 610 |
1 |
|
|a теплообмен
|
| 610 |
1 |
|
|a смешивание
|
| 610 |
1 |
|
|a качество
|
| 610 |
1 |
|
|a динамика
|
| 610 |
1 |
|
|a газовые выбросы
|
| 610 |
1 |
|
|a очистка
|
| 610 |
1 |
|
|a пыль
|
| 610 |
1 |
|
|a инерционная сепарация
|
| 610 |
1 |
|
|a скрубберы
|
| 610 |
1 |
|
|a аэрозоли
|
| 610 |
1 |
|
|a конденсационное улавливание
|
| 610 |
1 |
|
|a переработка
|
| 610 |
1 |
|
|a синтетические гранулированные моющие средства
|
| 610 |
1 |
|
|a учебные пособия
|
| 675 |
|
|
|a 661.182(075.8)
|v 4
|
| 700 |
|
1 |
|a Веригин
|b А. Н.
|g Александр Николаевич
|
| 701 |
|
1 |
|a Данильчук
|b В. С.
|g Виталий Сергеевич
|
| 701 |
|
1 |
|a Незамаев
|b Н. А.
|g Николай Александрович
|
| 702 |
|
1 |
|a Веригин
|b А. Н.
|g Александр Николаевич
|4 340
|
| 801 |
|
1 |
|a RU
|b 63413507
|c 20171103
|
| 801 |
|
2 |
|a RU
|b 63413507
|c 20190710
|g RCR
|
| 942 |
|
|
|c BK
|
| 959 |
|
|
|a 5/20170214
|d 2
|e 2500,00
|f ЧЗТЛ:1
|f УФ:1
|